书目信息 |
| 题名: |
字体与标志设计
|
|
| 作者: | 孙源 , 黄振彬 , 费雯俪 编著 | |
| 分册: | ||
| 出版信息: | 北京 中国电力出版社 2018 |
|
| 页数: | 116页 | |
| 开本: | 28cm | |
| 丛书名: | 全国高等院校艺术设计规划教材 | |
| 单 册: | ||
| 中图分类: | J292.13 , J524.4 | |
| 科图分类: | ||
| 主题词: | 美术字--mei shu zi--字体--设计--高等学校--教材 , 标志--biao zhi--设计--高等学校--教材 | |
| 电子资源: | ||
| ISBN: | 978-7-5198-1841-8 | |
| 000 | 01451nam 2200337 450 | |
| 001 | 012001007787 | |
| 005 | 20130121140811.0 | |
| 010 | @a978-7-5198-1841-8@dCNY48.00 | |
| 099 | @aCAL 012018098513 | |
| 100 | @a20180821d2018 em y0chiy50 ea | |
| 101 | 0 | @achi |
| 102 | @aCN@b110000 | |
| 105 | @aa a 000yy | |
| 106 | @ar | |
| 200 | 1 | @a字体与标志设计@Azi ti yu biao zhi she ji@d= Font and logo design@f孙源, 黄振彬, 费雯俪编著@zeng |
| 210 | @a北京@c中国电力出版社@d2018 | |
| 215 | @a116页@c图 (部分彩图)@d28cm | |
| 225 | 2 | @a全国高等院校艺术设计规划教材@Aquan guo gao deng yuan xiao yi shu she ji gui hua jiao cai |
| 320 | @a有书目 | |
| 330 | @a本书分为两大部分展开。第一部分为字体设计部分, 包括文字的基础知识、汉字的特性与应用、拉丁字母的特性与应用、计算机字库字体; 第二部分为标志设计部分, 包括标志设计概述、企业与产品类标志设计、文化类标志设计、公共类标志设计、个人类标志设计与趣味标志设计。本书探求了文字设计在当今时代的多种可能性, 结合与分析经典且具有代表性的设计案例及应用。 | |
| 410 | 0 | @12001 @a全国高等院校艺术设计规划教材 |
| 510 | 1 | @aFont and logo design@zeng |
| 606 | 0 | @a美术字@Amei shu zi@x字体@x设计@x高等学校@j教材 |
| 606 | 0 | @a标志@Abiao zhi@x设计@x高等学校@j教材 |
| 690 | @aJ292.13@v4 | |
| 690 | @aJ524.4@v4 | |
| 701 | 0 | @a孙源@Asun yuan@4编著 |
| 701 | 0 | @a黄振彬@Ahuang zhen bin@4编著 |
| 701 | 0 | @a费雯俪@Afei wen li@4编著 |
| 801 | 0 | @aCN@b上海新华@c20191020 |
| 905 | @b1134067-70@dJ292.13@e614@f4 | |
| 字体与标志设计= Font and logo design/孙源, 黄振彬, 费雯俪编著.-北京:中国电力出版社,2018 |
| 116页:图 (部分彩图);28cm.-(全国高等院校艺术设计规划教材) |
| ISBN 978-7-5198-1841-8:CNY48.00 |
| 本书分为两大部分展开。第一部分为字体设计部分, 包括文字的基础知识、汉字的特性与应用、拉丁字母的特性与应用、计算机字库字体; 第二部分为标志设计部分, 包括标志设计概述、企业与产品类标志设计、文化类标志设计、公共类标志设计、个人类标志设计与趣味标志设计。本书探求了文字设计在当今时代的多种可能性, 结合与分析经典且具有代表性的设计案例及应用。 |
| ● |
| 相关链接 |
|
|
|
|
正题名:字体与标志设计
索取号:J292.13/614
 
预约/预借
| 序号 | 登录号 | 条形码 | 馆藏地/架位号 | 状态 | 备注 |
| 1 | 1134067 | 211340672 | 第一样本阅览室/ [索取号:J292.13/614] | 在馆 | |
| 2 | 1134068 | 211340681 | 第一借阅区/ [索取号:J292.13/614] | 在馆 | |
| 3 | 1134069 | 211340690 | 第一借阅区/ [索取号:J292.13/614] | 在馆 | |
| 4 | 1134070 | 211340707 | 第一借阅区/ [索取号:J292.13/614] | 在馆 |